[Event "Niemann-Aronian m"]
[Site "Endgame.AI INT"]
[Date "2025.06.21"]
[Round "13"]
[White "Aronian, Levon"]
[Black "Niemann, Hans Moke"]
[Result "0-1"]
[WhiteElo "2742"]
[BlackElo "2736"]
[PlyCount "164"]
[EventDate "2025.06.21"]
[EventType "match (blitz)"]
[EventRounds "18"]
[EventCountry "USA"]
[SourceTitle "CB26_2025"]
[SourceDate "2025.06.25"]
[SourceVersion "1"]
[SourceVersionDate "2025.06.25"]
[SourceQuality "1"]

1. e4 c5 2. Nf3 d6 3. Bb5+ Nd7 4. d4 cxd4 5. Qxd4 a6 6. Bxd7+ Qxd7 7. Nc3 Qc6 8. Qd3 g6 9. Nd4 Qc7 10. Nd5 Qd8 11. c4 Bg7 12. 0-0 Nf6 13. Bg5 Nxd5 14. exd5 h6 15. Bh4 0-0 16. Rad1 Bd7 17. Rfe1 Re8 18. b3 Rc8 19. Re3 b5 20. cxb5 axb5 21. h3 b4 22. Qd2 g5 23. Bg3 Qa5 24. Ne2 Bf5 25. h4 Rc2 26. Qe1 Qxa2 27. hxg5 hxg5 28. Bxd6 Bg4 29. f3 Bd7 30. Bxb4 Bb5 31. Rd2 Rec8 32. Rxe7 Bf8 33. d6 Bxe7 34. dxe7 Rxd2 35. Bxd2 Qa7+ 36. Qf2 Qxe7 37. Ng3 Bd3 38. Qd4 Bg6 39. Kh2 Rd8 40. Qc3 g4 41. fxg4 Qh4+ 42. Kg1 Rxd2 43. Qxd2 Qxg3 44. Qd8+ Kh7 45. Qd5 Qxg4 46. Qd2 Qe4 47. b4 Qd3 48. Qf4 Qd5 49. Qh4+ Kg7 50. Qf4 Qe4 51. Qd2 Qb1+ 52. Kh2 Qe4 53. Qb2+ f6 54. Qd2 Qe5+ 55. Kg1 Be4 56. Qd7+ Kg6 57. Qg4+ Kf7 58. Qd7+ Qe7 59. Qd4 Bb7 60. Qc4+ Kf8 61. b5 Qe4 62. Qc5+ Kf7 63. Qc7+ Kg6 64. Qg3+ Kf5 65. Qf2+ Ke5 66. Qc5+ Bd5 67. Qc7+ Ke6 68. Qb6+ Kf7 69. Qc7+ Qe7 70. Qc3 Qa7+ 71. Kh1 Qb7 72. Qd3 Bxg2+ 73. Kg1 Be4 74. Qc4+ Qd5 75. Qc7+ Kg6 76. b6 Qd1+ 77. Kf2 Qd2+ 78. Kf1 Bd3+ 79. Kg1 Qe1+ 80. Kg2 Be4+ 81. Kh3 Qf1+ 82. Kh4 Qf2+ 0-1

[Event "Niemann-Aronian m"]
[Site "Endgame.AI INT"]
[Date "2025.06.21"]
[Round "6"]
[White "Niemann, Hans Moke"]
[Black "Aronian, Levon"]
[Result "1-0"]
[WhiteElo "2736"]
[BlackElo "2742"]
[PlyCount "111"]
[EventDate "2025.06.21"]
[EventType "match (blitz)"]
[EventRounds "18"]
[EventCountry "USA"]
[SourceTitle "CB26_2025"]
[SourceDate "2025.06.25"]
[SourceVersion "1"]
[SourceVersionDate "2025.06.25"]
[SourceQuality "1"]

1. c4 e6 2. Nf3 Nf6 3. g3 b6 4. Bg2 Bb7 5. 0-0 c5 6. d4 cxd4 7. Qxd4 Be7 8. Nc3 d6 9. Rd1 a6 10. b3 Nbd7 11. Ba3 Nc5 12. Ng5 Bxg2 13. Kxg2 Qc7 14. Nf3 0-0 15. Rac1 Qb7 16. Bb2 Rfd8 17. Qf4 h6 18. h4 e5 19. Qf5 b5 20. Nd5 Nxd5 21. cxd5 a5 22. h5 b4 23. Rc4 a4 24. Bc1 axb3 25. axb3 Qc8 26. Qc2 Qb7 27. Rg4 Qd7 28. Rxb4 Rdb8 29. Bd2 f5 30. Rxb8+ Rxb8 31. b4 Ne4 32. Be1 Nf6 33. Nh4 e4 34. Qc6 Rb7 35. Nxf5 Bf8 36. Qxd7 Nxd7 37. Nd4 Nf6 38. Nc6 Rb5 39. Rd4 Nxh5 40. Rxe4 Rxd5 41. Re8 Kf7 42. Rb8 Nf6 43. b5 Rc5 44. Nd4 Nd7 45. Rb7 Ke8 46. Ne6 Re5 47. Nxf8 Nxf8 48. e3 Nd7 49. Bc3 Rg5 50. Bd4 h5 51. b6 Rb5 52. Rc7 Kd8 53. Rc6 Ke7 54. Rc7 Kd8 55. Ra7 Nxb6 56. Rb7 1-0

[Event "Niemann-Aronian m"]
[Site "Endgame.AI INT"]
[Date "2025.06.21"]
[Round "14"]
[White "Niemann, Hans Moke"]
[Black "Aronian, Levon"]
[Result "1-0"]
[WhiteElo "2736"]
[BlackElo "2742"]
[PlyCount "147"]
[EventDate "2025.06.21"]
[EventType "match (blitz)"]
[EventRounds "18"]
[EventCountry "USA"]
[SourceTitle "CB26_2025"]
[SourceDate "2025.06.25"]
[SourceVersion "1"]
[SourceVersionDate "2025.06.25"]
[SourceQuality "1"]

1. d3 d5 2. Nf3 Nf6 3. g3 Nc6 4. d4 Bf5 5. Bg2 Nb4 6. Na3 e6 7. Nh4 Bg4 8. h3 Bh5 9. 0-0 Be7 10. c3 Nc6 11. Nc2 Nd7 12. Nf3 0-0 13. Re1 Nf6 14. Bg5 h6 15. Bxf6 Bxf6 16. e4 dxe4 17. Rxe4 Ne7 18. Re1 c6 19. Ne3 Nd5 20. Ng4 Be7 21. Nge5 Bxf3 22. Bxf3 Bd6 23. Nd3 Qc7 24. Qe2 Rad8 25. Rad1 Nf6 26. Kg2 Rfe8 27. h4 Re7 28. h5 Qa5 29. Ne5 Qc7 30. Nc4 Ree8 31. a4 Bf8 32. b4 Nd5 33. Qc2 a6 34. a5 Be7 35. Re2 Nf6 36. Rde1 Bf8 37. Ne5 Bd6 38. Nc4 Bf8 39. Re3 Bd6 40. Bd1 Nd5 41. R3e2 Nf6 42. Re3 Qd7 43. Qe2 Bc7 44. Ne5 Qd5+ 45. Kg1 Nd7 46. f4 Nf6 47. Bc2 Rb8 48. g4 Nd7 49. Qd3 Nf8 50. g5 hxg5 51. fxg5 Qd8 52. Rg3 b6 53. axb6 Rxb6 54. Qf3 Bxe5 55. Rxe5 Rb5 56. g6 f5 57. Re2 a5 58. Ba4 axb4 59. Bxb5 cxb5 60. Qc6 bxc3 61. Qxc3 Qh4 62. Rh2 Qf4 63. Qe3 Qxe3+ 64. Rxe3 Rd8 65. Rh4 Rb8 66. d5 exd5 67. Rd4 Nd7 68. Rxd5 Nf6 69. Rxf5 b4 70. h6 b3 71. h7+ Kh8 72. Rf1 b2 73. Rb1 Rb6 74. Re2 1-0

[Event "WchT Blitz Final"]
[Site "London"]
[Date "2025.06.15"]
[Round "2.1"]
[White "Aronian, Levon"]
[Black "Erigaisi, Arjun Kumar"]
[Result "1/2-1/2"]
[WhiteElo "2742"]
[BlackElo "2782"]
[PlyCount "121"]
[EventDate "2025.06.15"]
[EventType "team-k.o. (blitz)"]
[EventRounds "4"]
[EventCountry "ENG"]
[SourceTitle "CB25_2025"]
[SourceDate "2025.06.18"]
[SourceVersion "1"]
[SourceVersionDate "2025.06.18"]
[SourceQuality "1"]
[WhiteTeam "Hexamind Team"]
[BlackTeam "Team MGD1"]
[WhiteTeamCountry "USA"]
[BlackTeamCountry "IND"]

1. Nf3 d5 2. e3 Nf6 3. c4 e6 4. b3 b6 5. cxd5 exd5 6. Be2 Bd6 7. Ba3 0-0 8. Bxd6 Qxd6 9. Nc3 a6 10. Rc1 Re8 11. 0-0 Nbd7 12. d4 Bb7 13. Qc2 g6 14. Qb2 c5 15. dxc5 bxc5 16. Rfd1 Qe7 17. h3 Rac8 18. Rd2 Red8 19. Rcd1 Nf8 20. Na4 Ne4 21. Rc2 Ne6 22. Nb6 Rb8 23. Qe5 f6 24. Qh2 Qf8 25. Na4 Kg7 26. Nc3 Nxc3 27. Rxc3 d4 28. Rcc1 dxe3 29. fxe3 Qe7 30. Qg3 Nc7 31. Nh4 Be4 32. Bf3 Rxd1+ 33. Rxd1 Bc2 34. Rd2 Bb1 35. Rb2 Bd3 36. Rd2 Bb1 37. Qe1 g5 38. Qxb1 Qxe3+ 39. Rf2 gxh4 40. Qe4 Qxe4 41. Bxe4 Rb4 42. Bd3 a5 43. Re2 Nd5 44. Bc4 Nb6 45. Re7+ Kf8 46. Rf7+ Ke8 47. Rxf6 Nxc4 48. bxc4 Rxc4 49. Rh6 a4 50. Rxh7 a3 51. Ra7 Rc3 52. Kf1 Rc1+ 53. Kf2 Rc2+ 54. Kf3 Rxa2 55. g4 hxg3 56. Kxg3 c4 57. Kf3 c3 58. Ke3 Ra1 59. Kd3 a2 60. Kxc3 Rh1 61. Rxa2 1/2-1/2

[Event "WchT Blitz Pool B"]
[Site "London"]
[Date "2025.06.14"]
[Round "12.1"]
[White "Aronian, Levon"]
[Black "Adams, Michael"]
[Result "1/2-1/2"]
[WhiteElo "2742"]
[BlackElo "2659"]
[PlyCount "66"]
[EventDate "2025.06.14"]
[EventType "team-tourn"]
[EventRounds "13"]
[EventCountry "ENG"]
[SourceTitle "CB25_2025"]
[SourceDate "2025.06.18"]
[SourceVersion "1"]
[SourceVersionDate "2025.06.18"]
[SourceQuality "1"]
[WhiteTeam "Hexamind Team"]
[BlackTeam "Malcolm's Mates"]
[WhiteTeamCountry "USA"]
[BlackTeamCountry "ENG"]

1. e4 e5 2. Nf3 Nc6 3. Bb5 a6 4. Ba4 Nf6 5. 0-0 Be7 6. Bxc6 dxc6 7. Re1 Bg4 8. h3 Bxf3 9. Qxf3 0-0 10. d3 Nd7 11. Qg4 Kh8 12. Nd2 Bg5 13. g3 Qe7 14. h4 Bh6 15. Nf3 Bxc1 16. Raxc1 c5 17. c3 Rad8 18. d4 cxd4 19. cxd4 c6 20. dxe5 Nxe5 21. Nxe5 Qxe5 22. Re2 h5 23. Qg5 Rfe8 24. Kg2 g6 25. f4 Qxg5 26. hxg5 Kg7 27. Rc3 Rd4 28. Kf3 Re7 29. e5 Kf8 30. Rce3 Re6 31. Rb3 Re7 32. Rbe3 Re6 33. Rb3 Re7 1/2-1/2

[Event "WchT Blitz Pool B"]
[Site "London"]
[Date "2025.06.14"]
[Round "4.1"]
[White "Harvey, Marcus Ross"]
[Black "Aronian, Levon"]
[Result "0-1"]
[WhiteElo "2445"]
[BlackElo "2742"]
[PlyCount "52"]
[EventDate "2025.06.14"]
[EventType "team-tourn"]
[EventRounds "13"]
[EventCountry "ENG"]
[SourceTitle "CB25_2025"]
[SourceDate "2025.06.18"]
[SourceVersion "1"]
[SourceVersionDate "2025.06.18"]
[SourceQuality "1"]
[WhiteTeam "Wood Green"]
[BlackTeam "Hexamind Team"]
[WhiteTeamCountry "ENG"]
[BlackTeamCountry "USA"]

1. d4 Nf6 2. c4 e6 3. Nc3 Bb4 4. e3 0-0 5. Nge2 d5 6. a3 Be7 7. cxd5 exd5 8. Ng3 Re8 9. Bd3 a5 10. Qc2 Nbd7 11. Nf5 Bf8 12. Nb5 c6 13. Nbd6 Re6 14. Nxc8 Rxc8 15. 0-0 g6 16. Ng3 c5 17. Qd1 c4 18. Bc2 b5 19. f3 h5 20. e4 h4 21. Ne2 dxe4 22. Nf4 Re8 23. fxe4 Nxe4 24. Nd5 Bg7 25. Kh1 Nb6 26. Qf3 Qxd5 0-1

[Event "WchT Blitz Pool B"]
[Site "London"]
[Date "2025.06.14"]
[Round "8.1"]
[White "Turner, Matthew"]
[Black "Aronian, Levon"]
[Result "0-1"]
[WhiteElo "2441"]
[BlackElo "2742"]
[PlyCount "70"]
[EventDate "2025.06.14"]
[EventType "team-tourn"]
[EventRounds "13"]
[EventCountry "ENG"]
[SourceTitle "CB25_2025"]
[SourceDate "2025.06.18"]
[SourceVersion "1"]
[SourceVersionDate "2025.06.18"]
[SourceQuality "1"]
[WhiteTeam "Sassy Seniors"]
[BlackTeam "Hexamind Team"]
[WhiteTeamCountry "ENG"]
[BlackTeamCountry "USA"]

1. d4 Nf6 2. Nf3 e6 3. Bg5 h6 4. Bh4 g5 5. Bg3 Ne4 6. Nbd2 Nxg3 7. hxg3 Bg7 8. c3 d6 9. e3 Nd7 10. Bc4 a6 11. a4 b6 12. Qe2 Bb7 13. 0-0 g4 14. Ne1 h5 15. Nd3 Qg5 16. Nf4 h4 17. Bxe6 fxe6 18. Nxe6 Qg6 19. Nf4 Qh7 20. Qxg4 0-0-0 21. gxh4 Rdg8 22. Ng6 Bxd4 23. h5 Bf6 24. f3 Qxh5 25. Qxh5 Rxh5 26. Nf4 Rh6 27. Kf2 Bh4+ 28. Ke2 Bg3 29. Nd3 Rh2 30. Rg1 Ne5 31. Nf1 Bxf3+ 32. Kd2 Rxg2+ 33. Rxg2 Bxg2 34. Nxg3 Rxg3 35. Nb4 a5 0-1

[Event "WchT Rapid"]
[Site "London"]
[Date "2025.06.11"]
[Round "4.1"]
[White "Jones, Gawain C B"]
[Black "Aronian, Levon"]
[Result "1-0"]
[WhiteElo "2635"]
[BlackElo "2746"]
[PlyCount "53"]
[EventDate "2025.06.11"]
[EventType "team-swiss"]
[EventRounds "12"]
[EventCountry "ENG"]
[SourceTitle "CB25_2025"]
[SourceDate "2025.06.18"]
[SourceVersion "1"]
[SourceVersionDate "2025.06.18"]
[SourceQuality "1"]
[WhiteTeam "Malcolm's Mates"]
[BlackTeam "Hexamind Team"]
[WhiteTeamCountry "ENG"]
[BlackTeamCountry "USA"]

1. Nf3 Nf6 2. g3 b6 3. Bg2 Bb7 4. c4 c5 5. Nc3 g6 6. 0-0 Bg7 7. d4 cxd4 8. Qxd4 d6 9. Be3 Nbd7 10. Rac1 Rc8 11. Rfd1 0-0 12. Qh4 h5 13. h3 Nh7 14. Nd5 Re8 15. Bd4 Ndf6 16. Nxf6+ Bxf6 17. Bxf6 Nxf6 18. Qd4 Qc7 19. Qe3 Qc5 20. Nd4 Bxg2 21. Kxg2 a6 22. Qf3 Rc7 23. Rc3 Rec8 24. a3 Qg5 25. Rdc1 Qe5 26. Qd3 Ne4 27. f4 1-0

[Event "Titled Tuesday intern op 03rd Jan Late"]
[Site "Chess.com INT"]
[Date "2025.06.03"]
[Round "4"]
[White "Aronian, Levon"]
[Black "Zhigalko, Sergei"]
[Result "0-1"]
[WhiteElo "2747"]
[BlackElo "2572"]
[PlyCount "126"]
[EventDate "2025.06.03"]
[EventType "swiss (blitz)"]
[EventRounds "11"]
[EventCountry "USA"]
[SourceTitle "CB24_2025"]
[SourceDate "2025.06.11"]
[SourceVersion "1"]
[SourceVersionDate "2025.06.11"]
[SourceQuality "1"]

1. c4 e5 2. Nc3 Nf6 3. Nf3 Nc6 4. d3 Bb4 5. Bd2 0-0 6. g3 Re8 7. Bg2 h6 8. 0-0 a5 9. Ne1 d6 10. Nc2 Bc5 11. h3 Be6 12. Rc1 d5 13. cxd5 Nxd5 14. a3 Nxc3 15. Bxc3 Qd7 16. Kh2 Bb3 17. Qe1 Bd5 18. Be4 Bxe4 19. dxe4 Red8 20. Rd1 Qe6 21. f3 Qc4 22. Rc1 Rd7 23. Na1 Qb5 24. Rc2 Be3 25. Bd2 Bb6 26. e3 Rad8 27. Bc1 a4 28. Rff2 Rd1 29. Qe2 R8d3 30. Kg2 Na5 31. Rf1 Rxf1 32. Qxf1 Qd7 33. Qe2 Rd6 34. Rd2 Qc6 35. Rxd6 cxd6 36. Bd2 Nc4 37. Bc1 Nxa3 38. Qd1 Nc4 39. Nc2 Qb5 40. Qe2 Qb3 41. Na3 Nxa3 42. bxa3 Bc5 43. Qd2 Bxa3 44. Bxa3 Qxa3 45. f4 Qc5 46. Kf3 a3 47. Qa2 b5 48. g4 b4 49. h4 Qb5 50. Qb3 Qf1+ 51. Kg3 Qe1+ 52. Kf3 Qf1+ 53. Kg3 exf4+ 54. exf4 Qe1+ 55. Kg2 Qc3 56. Qd5 Qc2+ 57. Kg3 Qc3+ 58. Kg2 b3 59. g5 Qc2+ 60. Kg3 Qc3+ 61. Kg4 Qc8+ 62. Kh5 hxg5 63. hxg5 Qh3# 0-1

[Event "Chess.com Classic Losers"]
[Site "Chess.com INT"]
[Date "2025.05.20"]
[Round "1.3"]
[White "Aronian, Levon"]
[Black "Praggnanandhaa, Rameshbabu"]
[Result "1-0"]
[WhiteElo "2747"]
[BlackElo "2758"]
[PlyCount "89"]
[EventDate "2025.05.20"]
[EventType "k.o. (blitz)"]
[EventRounds "6"]
[EventCountry "USA"]
[SourceTitle "CB21_2025"]
[SourceDate "2025.05.21"]
[SourceVersion "1"]
[SourceVersionDate "2025.05.21"]
[SourceQuality "1"]

1. Nf3 Nf6 2. d4 d5 3. e3 a6 4. Nbd2 Bf5 5. c4 e6 6. Nh4 Bg4 7. Qb3 Nc6 8. h3 Bh5 9. g4 Bg6 10. Nxg6 hxg6 11. g5 Ng8 12. Bg2 Bb4 13. cxd5 Qxg5 14. Kf1 exd5 15. Bxd5 Bxd2 16. Bxf7+ Kd8 17. Bxd2 Nge7 18. Be6 Rf8 19. Bg4 Qf6 20. Rh2 Qd6 21. Kg1 a5 22. a3 Ra6 23. Rc1 Rb6 24. Qc2 Nf5 25. Bc3 Nh4 26. Qe2 Qd5 27. Rd1 Nf3+ 28. Bxf3 Rxf3 29. e4 Qh5 30. d5 Ne7 31. Rd3 Rxd3 32. Qxd3 Rd6 33. Rg2 g5 34. Qe3 c6 35. Bxa5+ Ke8 36. Bb4 Rh6 37. Rxg5 Qd1+ 38. Kh2 Ng6 39. Qg3 Kf7 40. Bc3 Qe2 41. Rg4 cxd5 42. exd5 Qc2 43. d6 Qf5 44. a4 Ke8 45. Bxg7 1-0

[Event "Chess.com Classic Play In"]
[Site "Chess.com INT"]
[Date "2025.05.19"]
[Round "3"]
[White "Aronian, Levon"]
[Black "Alekseenko, Kirill"]
[Result "1-0"]
[WhiteElo "2747"]
[BlackElo "2654"]
[PlyCount "111"]
[EventDate "2025.05.19"]
[EventType "swiss (blitz)"]
[EventRounds "9"]
[EventCountry "USA"]
[SourceTitle "CB21_2025"]
[SourceDate "2025.05.21"]
[SourceVersion "1"]
[SourceVersionDate "2025.05.21"]
[SourceQuality "1"]

1. e4 e5 2. Nf3 Nc6 3. Bb5 a6 4. Ba4 d6 5. Bxc6+ bxc6 6. d4 f6 7. c3 Ne7 8. Nbd2 Ng6 9. Nf1 Be7 10. Ng3 0-0 11. 0-0 d5 12. dxe5 fxe5 13. h3 Be6 14. Re1 Bf6 15. Be3 Nh4 16. Nxh4 Bxh4 17. Qa4 Bxg3 18. fxg3 Qd7 19. Bc5 Rf6 20. exd5 Qxd5 21. Be7 Rf7 22. Rad1 Qb5 23. Qa3 Re8 24. Bc5 Bf5 25. Rxe5 Qb8 26. Qb3 h6 27. Qxb8 Rxb8 28. b3 Bc2 29. Rd2 Bb1 30. g4 a5 31. Kh2 a4 32. b4 a3 33. Bd4 Ra8 34. Ra5 Rff8 35. Ba7 Rad8 36. Rxd8 Rxd8 37. Bd4 Re8 38. Rxa3 Re2 39. Ra8+ Kf7 40. Rc8 Be4 41. Rxc7+ Ke6 42. Kg1 Rxg2+ 43. Kf1 Rxa2 44. Rxg7 Bg2+ 45. Kg1 Bxh3 46. Bf2 Ra1+ 47. Kh2 Bf1 48. Rg6+ Kd5 49. Rxh6 Rc1 50. Bd4 Bd3 51. Rh5+ Ke4 52. Kg3 Bc4 53. Re5+ Kd3 54. g5 Ra1 55. g6 Ra8 56. g7 1-0

[Event "Chess.com Classic Play In"]
[Site "Chess.com INT"]
[Date "2025.05.19"]
[Round "5"]
[White "Aronian, Levon"]
[Black "Eljanov, Pavel"]
[Result "1-0"]
[WhiteElo "2747"]
[BlackElo "2668"]
[PlyCount "95"]
[EventDate "2025.05.19"]
[EventType "swiss (blitz)"]
[EventRounds "9"]
[EventCountry "USA"]
[SourceTitle "CB21_2025"]
[SourceDate "2025.05.21"]
[SourceVersion "1"]
[SourceVersionDate "2025.05.21"]
[SourceQuality "1"]

1. e4 e5 2. Nf3 Nc6 3. Bb5 a6 4. Ba4 Nf6 5. 0-0 Be7 6. Bxc6 dxc6 7. Re1 Bd6 8. d4 Nd7 9. c3 0-0 10. Bg5 f6 11. Bh4 Qe7 12. Nbd2 Qf7 13. Bg3 Re8 14. b3 b5 15. a4 Bb7 16. b4 Nb6 17. dxe5 fxe5 18. Ng5 Qg6 19. a5 Qxg5 20. axb6 cxb6 21. Nc4 bxc4 22. Qxd6 Qe7 23. Qd2 c5 24. bxc5 Qxc5 25. Bh4 b5 26. Re3 h6 27. Rg3 Qc6 28. Rd1 Rf8 29. Be7 Rf7 30. Bd6 Qxe4 31. Qxh6 Qf4 32. Qxf4 exf4 33. Rg5 Rd8 34. Rd4 f3 35. g4 Bc6 36. h4 a5 37. h5 Kh7 38. Rc5 Be8 39. g5 Rfd7 40. g6+ Kg8 41. Be5 Rxd4 42. Bxd4 a4 43. Rc7 Rxd4 44. cxd4 a3 45. d5 b4 46. d6 a2 47. Ra7 b3 48. d7 1-0

[Event "Chess.com Classic Play In"]
[Site "Chess.com INT"]
[Date "2025.05.19"]
[Round "1"]
[White "Aronian, Levon"]
[Black "Sindarov, Javokhir"]
[Result "0-1"]
[WhiteElo "2747"]
[BlackElo "2706"]
[PlyCount "112"]
[EventDate "2025.05.19"]
[EventType "swiss (blitz)"]
[EventRounds "9"]
[EventCountry "USA"]
[SourceTitle "CB21_2025"]
[SourceDate "2025.05.21"]
[SourceVersion "1"]
[SourceVersionDate "2025.05.21"]
[SourceQuality "1"]

1. e4 c5 2. Nc3 e6 3. Nf3 Nc6 4. d4 cxd4 5. Nxd4 Nf6 6. Nxc6 bxc6 7. e5 Nd5 8. Ne4 Qc7 9. f4 Qb6 10. a3 Ne3 11. Qd3 Nxf1 12. Rxf1 Ba6 13. c4 f5 14. Nd6+ Bxd6 15. exd6 c5 16. Rf3 Rb8 17. Rg3 Rg8 18. b3 Qc6 19. Bb2 Qe4+ 20. Qxe4 fxe4 21. Be5 Kf7 22. Kd2 Bb7 23. b4 cxb4 24. axb4 a6 25. Ra5 Rbc8 26. c5 h6 27. Ra1 Rb8 28. Kc3 Ra8 29. Bd4 Bc6 30. Ra5 g5 31. fxg5 Rxg5 32. Rxg5 hxg5 33. Ra2 Kg6 34. Be3 g4 35. Kd4 Rb8 36. Bd2 Ra8 37. Ke5 Bb7 38. Kf4 Rf8+ 39. Kg3 Rf1 40. Rc2 Bc6 41. Ra2 Bb7 42. h4 gxh3 43. Kxh3 Rf2 44. Rb2 e3 45. Bc3 e2 46. Be1 Rxg2 47. Rb3 Kf5 48. Re3 Kf4 49. Rg3 Rxg3+ 50. Bxg3+ Ke3 51. Be1 Kd3 52. Kg3 Kc2 53. Kf2 Kd1 54. Bc3 Bc6 55. Be1 e5 56. Bc3 e4 0-1

[Event "Chess.com Classic Play In m"]
[Site "Chess.com INT"]
[Date "2025.05.19"]
[Round "1.2"]
[White "Aronian, Levon"]
[Black "Vidit, Santosh Gujrathi"]
[Result "1-0"]
[WhiteElo "2747"]
[BlackElo "2720"]
[PlyCount "39"]
[EventDate "2025.05.19"]
[EventType "k.o. (blitz)"]
[EventRounds "1"]
[EventCountry "USA"]
[SourceTitle "CB21_2025"]
[SourceDate "2025.05.21"]
[SourceVersion "1"]
[SourceVersionDate "2025.05.21"]
[SourceQuality "1"]

1. e4 c5 2. c3 d5 3. exd5 Nf6 4. Bb5+ Nbd7 5. d4 Qb6 6. c4 cxd4 7. Nf3 a6 8. Bxd7+ Bxd7 9. Qxd4 Qxd4 10. Nxd4 Rc8 11. Nd2 b5 12. b3 g6 13. Bb2 Bh6 14. N4f3 0-0 15. 0-0 Bg4 16. d6 Nh5 17. dxe7 Rfe8 18. Ba3 Nf4 19. Ne4 Rc6 20. Rad1 1-0

[Event "Chess.com Classic Play In"]
[Site "Chess.com INT"]
[Date "2025.05.19"]
[Round "2"]
[White "Smirnov, Pavel"]
[Black "Aronian, Levon"]
[Result "0-1"]
[WhiteElo "2471"]
[BlackElo "2747"]
[PlyCount "146"]
[EventDate "2025.05.19"]
[EventType "swiss (blitz)"]
[EventRounds "9"]
[EventCountry "USA"]
[SourceTitle "CB21_2025"]
[SourceDate "2025.05.21"]
[SourceVersion "1"]
[SourceVersionDate "2025.05.21"]
[SourceQuality "1"]

1. d4 e6 2. Nf3 Nf6 3. c4 b6 4. g3 Ba6 5. b3 d5 6. Bg2 Bb4+ 7. Bd2 Bd6 8. 0-0 0-0 9. Nc3 Nbd7 10. cxd5 exd5 11. Nh4 Re8 12. Re1 Nf8 13. e4 dxe4 14. Nxe4 Nxe4 15. Bxe4 Rxe4 16. Rxe4 Bb7 17. Re1 Be7 18. Nf5 Bf6 19. Qg4 Qd5 20. f3 Ne6 21. Be3 g6 22. Nh6+ Kg7 23. Qe4 Qxe4 24. fxe4 Bxd4 25. Ng4 h5 26. Nf2 Bxa1 27. Rxa1 Rd8 28. Rc1 c5 29. h3 g5 30. h4 g4 31. Kf1 Ba6+ 32. Ke1 Nd4 33. Bxd4+ Rxd4 34. Rc3 Kf6 35. Re3 Ke5 36. a3 Rd6 37. b4 Kd4 38. bxc5 bxc5 39. Nd1 Rf6 40. Kd2 Bc4 41. a4 Rf1 42. Ra3 Rg1 43. Ne3 Be6 44. Rc3 c4 45. Nc2+ Kxe4 46. Re3+ Kd5 47. Nb4+ Kc5 48. Nc2 Kd6 49. Kc3 a5 50. Nd4 Ra1 51. Nb5+ Kd5 52. Nc7+ Kd6 53. Nb5+ Ke7 54. Re5 Rg1 55. Re3 Kf6 56. Nc7 Ra1 57. Ne8+ Ke7 58. Ng7 Rxa4 59. Kd4 Rb4 60. Nxh5 Rb3 61. Re5 Rd3+ 62. Ke4 a4 63. Nf4 Rxg3 64. Ra5 c3 65. Ra7+ Kd6 66. Ra6+ Kc5 67. Ra7 Kb4 68. Nd3+ Ka3 69. Rc7 Bf5+ 70. Kxf5 Rxd3 71. h5 Kb2 72. Kxg4 c2 73. Rb7+ Rb3 0-1

[Event "Bucharest Superbet Classic 5th"]
[Site "Bucharest"]
[Date "2025.05.10"]
[Round "4"]
[White "Duda, Jan Krzysztof"]
[Black "Aronian, Levon"]
[Result "0-1"]
[WhiteElo "2739"]
[BlackElo "2747"]
[PlyCount "80"]
[EventDate "2025.05.07"]
[EventType "tourn"]
[EventRounds "9"]
[EventCountry "ROU"]
[EventCategory "20"]
[SourceTitle "CB21_2025"]
[SourceDate "2025.05.21"]
[SourceVersion "1"]
[SourceVersionDate "2025.05.21"]
[SourceQuality "1"]

1. e4 e5 2. Nf3 Nc6 3. Bc4 Nf6 4. Ng5 d5 5. exd5 Na5 6. Bb5+ c6 7. dxc6 bxc6 8. Qf3 Be7 9. Bd3 0-0 10. Nc3 h6 11. Nge4 Nd5 12. Ng3 Nb4 13. Nf5 Nxd3+ 14. Qxd3 c5 15. Qxd8 Bxd8 16. Ne3 f5 17. b3 f4 18. Ned1 Nc6 19. Ba3 Nd4 20. Rc1 Rf6 21. Nb2 Rg6 22. Kf1 f3 23. g3 Bf5 24. Bxc5 Nxc2 25. h4 Rc8 26. Bxa7 Ba5 27. Nc4 Bxc3 28. dxc3 Ra6 29. Be3 Rxa2 30. Kg1 Be6 31. Bb6 Rc6 32. Ba7 Bxc4 33. bxc4 Rxc4 34. Bb8 e4 35. Bf4 Rxc3 36. Kh2 e3 37. g4 e2 38. Kg3 Rd3 39. h5 Kh7 40. Rhg1 Ra1 0-1

[Event "Bucharest Superbet Classic 5th"]
[Site "Bucharest"]
[Date "2025.05.07"]
[Round "1"]
[White "Aronian, Levon"]
[Black "Abdusattorov, Nodirbek"]
[Result "1/2-1/2"]
[WhiteElo "2747"]
[BlackElo "2771"]
[PlyCount "71"]
[EventDate "2025.05.07"]
[EventType "tourn"]
[EventRounds "9"]
[EventCountry "ROU"]
[EventCategory "20"]
[SourceTitle "CB21_2025"]
[SourceDate "2025.05.21"]
[SourceVersion "1"]
[SourceVersionDate "2025.05.21"]
[SourceQuality "1"]

1. Nf3 Nf6 2. c4 e6 3. b3 b6 4. e3 Bb7 5. Be2 Be7 6. 0-0 0-0 7. d4 d5 8. cxd5 Nxd5 9. Bb2 Nd7 10. Nc3 c5 11. Nxd5 Bxd5 12. Rc1 Rc8 13. Bc4 Bxc4 14. Rxc4 Bf6 15. Qe2 cxd4 16. Bxd4 Bxd4 17. Nxd4 Ne5 18. Rc2 Rxc2 19. Qxc2 Qc8 20. Rc1 Qxc2 21. Rxc2 Rd8 22. Rc7 g5 23. Kf1 a6 24. Nc6 Nxc6 25. Rxc6 Rd1+ 26. Ke2 Rb1 27. Rxb6 Rb2+ 28. Kf3 Rxa2 29. g4 Kg7 30. b4 h6 31. b5 axb5 32. Rxb5 Rc2 33. Rb6 Ra2 34. Rb5 Rc2 35. Rb6 Ra2 36. Rb5 1/2-1/2